Sabrina Carpenter - Paroles Looking At Me - Statistiques

Statistiques générales
  • Ce quiz a été pris 14 fois
  • Le résultat moyen est 286 sur 405
Statistiques - réponses
Hint Réponse % Correct
a
100%
at
100%
I
100%
(I
100%
look
100%
looking
100%
Bridge Looking
100%
(looking
100%
me
100%
me,
100%
me)
100%
Intro Oh
100%
Oh,
100%
oh
100%
the
100%
You
100%
you
100%
you,
100%
baby
89%
They
89%
your
89%
an
78%
and
78%
no,
78%
no
78%
(No,
78%
no)
78%
come
67%
(come
67%
Don't
67%
don't
67%
feet
67%
If
67%
I'm
67%
it
67%
It
67%
move
67%
on)
67%
they're
67%
They're
67%
think
67%
to
67%
Try
67%
(try
67%
When
67%
ain't
56%
babe)
56%
babe
56%
Babe
56%
can
56%
easy
56%
honey
56%
I'ma
56%
(I'ma
56%
in
56%
just
56%
know
56%
know)
56%
lead
56%
lead)
56%
make
56%
my
56%
nice
56%
take
56%
teach
56%
that
56%
there
56%
yeah
56%
Yeah,
56%
yeah,
56%
(yeah)
56%
are
44%
attention?
44%
attitude
44%
be
44%
been
44%
behind,
44%
'bout
44%
broken
44%
But
44%
can't
44%
catch
44%
Pré-refrain 'Cause
44%
could
44%
Couplet 1 Did
44%
even
44%
eyes
44%
for
44%
here
44%
I've
44%
(I've
44%
leave
44%
lips
44%
Never
44%
once
44%
once,
44%
or
44%
overdose
44%
show,
44%
stand
44%
steal
44%
teacher,
44%
twice
44%
twice,
44%
what
44%
with
44%
worry
44%
would
44%
all
33%
any
33%
breath
33%
bring
33%
circle
33%
give
33%
gon'
33%
head
33%
I'll
33%
It's
33%
like
33%
lost
33%
necks,
33%
necks
33%
new
33%
owl,
33%
rodeo
33%
room,
33%
room
33%
soles
33%
staring,
33%
takin'
33%
things
33%
tonight
33%
twist
33%
up
33%
wanna
33%
whole
33%
Couplet 2 Yes,
33%
young
33%
bull
22%
green
22%
now)
22%
Where
22%
Aucun quiz correspondant
Distribution des résultats
% des personnes avec chaque résultat
Percentile par nombre de réponses
Votre historique - résultats
Vous n’avez pas pris ce quiz